| 000 | 00783nam a22002657a 4500 | ||
|---|---|---|---|
| 001 | 86461 | ||
| 003 | DO-SdBNP | ||
| 005 | 20180126145527.0 | ||
| 007 | 86461 | ||
| 008 | 901106s1988 sp spa | ||
| 016 | 7 | _2BPMSU | |
| 020 | _a8432090921 | ||
| 040 |
_aBPMSU _bspa _cBPMSU |
||
| 100 | 1 |
_aLondon, Jack _d1876-1916 |
|
| 240 | 1 | 4 |
_aThe call of the wild _lEspañol |
| 245 | 1 | 3 |
_aLa llamada de la selva / _cJack London ; traducción, Orestes Llorens. |
| 250 | _a2a. edición | ||
| 260 | 1 |
_aBarcelona : _bPlaneta, _c1988. |
|
| 300 |
_a185 p _c22 cm. |
||
| 490 | 0 | _aBiblioteca mundial de grandes aventuras | |
| 830 | 0 | _pBiblioteca mundial de grandes aventuras | |
| 942 |
_2ddc _cBK |
||
| 945 | _aInventariado, 2018 /LP | ||
| 956 |
_aVMATEO _210 _320151118 _6BPMSU _800151 |
||
| 999 |
_c8784 _d8784 |
||